000 00347nam a2200133Ia 4500
008 260604s9999 xx 000 0 und d
020 _a9781071974896
082 _a001.4 MAC
100 _aLawrence a. machi
_935837
245 0 _aThe Literature Review: Six Steps to Success
260 _bSAGE
500 _aResearch, Literature Review
942 _cBK
999 _c8670
_d8670